Voprosy ekonomiki

Guardado en:
Detalles Bibliográficos
Formato: Seriadas
Lenguaje:ruso
Publicado: Moskva Rossijskaja akademija nauk
Materias:
Etiquetas: Agregar Etiqueta
Sin Etiquetas, Sea el primero en etiquetar este registro!

MARC

LEADER 00000nas1a22000001 4500
001 0039565
005 20060307100828.6
022 |a 0042-8736 
041 0 |a rus 
044 |a RU 
245 1 0 |a Voprosy ekonomiki 
264 1 |a Moskva  |b Rossijskaja akademija nauk 
773 0 |w eu_un_cat*s120282 
610 2 0 |a politika hospodárska 
610 2 0 |a riadenie hospodárske 
610 2 0 |a plánovanie hospodárske